000 00660nam a2200217Ii 4500
003 JO-AjNU
008 230606s9999||||xx |||||||||||||| ||und||
020 _a0-07-072791-0
040 _aJO-AjNU
_beng
_erda
_cJO-AjNU
041 _aeng
050 1 4 _aHF5635 .F533 1987
100 3 _aZeff,Stephen A / Keller,Thomas F,
_eauthor
_93267
245 0 0 _aFinancial accounting Theory : Issues and Controversies
250 _a3 ed
264 3 1 _aNew York : Mc Graw Hill Book Company ,2007
300 _a660p
336 _atext
_btxt
_2rdacontent
337 _aunmediated
_bn
_2rdamedia
338 _avolume
_bnc
_2rdacarrier
650 4 _aAccounting - financial
_93268
999 _aE1709
_c1709
_d1709